000 00396nam a22001817a 4500
003 OSt
008 230508b |||||||| |||| 00| 0 eng d
020 _a9780071333368
082 _a339 SAM
100 _aSAMUELSON,Paul A
245 _aMacroeconomics
250 _a19th Ed
260 _aNew Delhi
_bTMH
300 _a2014
310 _a571
650 _aDecentralization
942 _2ddc
_cREF
999 _c11995
_d11995